<?xml version="1.0" encoding="UTF-8"?>
<marc:record xmlns:marc="http://www.loc.gov/MARC21/slim">
   <marc:leader>00000nam a2200000 a 4500</marc:leader>
   <marc:datafield ind1="1" ind2=" " tag="100">
      <marc:subfield code="a">Cruz, Penelope</marc:subfield>
   </marc:datafield>
   <marc:datafield ind1="1" ind2=" " tag="100">
      <marc:subfield code="a">Baldwin, Alec</marc:subfield>
   </marc:datafield>
   <marc:datafield ind1=" " ind2=" " tag="653">
      <marc:subfield code="a">Film</marc:subfield>
   </marc:datafield>
   <marc:datafield ind1=" " ind2=" " tag="653">
      <marc:subfield code="a">Rom</marc:subfield>
   </marc:datafield>
   <marc:datafield ind1=" " ind2=" " tag="653">
      <marc:subfield code="a">Liebe</marc:subfield>
   </marc:datafield>
   <marc:datafield ind1="0" ind2="0" tag="245">
      <marc:subfield code="a">To Rome with love</marc:subfield>
   </marc:datafield>
   <marc:datafield ind1="0" ind2="0" tag="245">
      <marc:subfield code="c">Darst.: Alec Baldwin ; Penelope Cruz ... Regie: Woody Allen</marc:subfield>
   </marc:datafield>
   <marc:datafield ind1=" " ind2="1" tag="264">
      <marc:subfield code="a">Hamburg</marc:subfield>
      <marc:subfield code="b">Universal Pictures Germany GmbH</marc:subfield>
      <marc:subfield code="c">2012</marc:subfield>
   </marc:datafield>
   <marc:datafield ind1="1" ind2=" " tag="520">
      <marc:subfield code="a">Eine amerikanische Touristin fragt in Rom nach dem Weg. Wenige Minuten später, so scheint es, ist sie bereits verlobt und ihre Eltern auf dem Weg nach Rom, um ihren Verlobten und dessen Familie kennen zu lernen. Ein amerikanischer Architekturstudent trifft sein Alter Ego, der ihm fortan, seine Vernunft symbolisierend, als Ratgeber in Beziehungsfragen zu Seite steht. Ein jung verheiratetes Paar aus der Provinz kommt nach Rom, wo der junge Mann in die Firma seiner reichen Verwandten eintreten soll, gerät stattdessen aber auf amouröse Abwege. Ein biederer Familienvater wird plötzlich zum Liebling der Medien und auf Schritt und Tritt von Paparazzi verfolgt. Erst ist ihm der unerwartete Ruhm suspekt, dann verfällt er dem Medienspuk, der ebenso schnell vorbei ist, wie er gekommen ist.</marc:subfield>
   </marc:datafield>
   <marc:datafield ind1="3" ind2=" " tag="024">
      <marc:subfield code="a">5050582922288</marc:subfield>
   </marc:datafield>
   <marc:datafield ind1="0" ind2=" " tag="490">
      <marc:subfield code="v">0</marc:subfield>
   </marc:datafield>
   <marc:datafield ind1=" " ind2=" " tag="300">
      <marc:subfield code="a">1 DVD (PAL, Ländercode 2, ca. 107 Min.) : farbig mit Ton</marc:subfield>
   </marc:datafield>
</marc:record>
